005490000a22001570004500090001700000245011000017041001400127700002700141700003700168700003300205700004200238100003800280942001300318773004300331999001700374 aASbSeriadas10aPoblaciones de aves en un bosque relictual en el Valle del río Cauca, cerca a Jamundí Valle, Colombia0 aEspañol1 aRaitt, Ralph J.9956921 aAlvarez López, Humberto9127141 aBenalcázar, César9994381 aSilva de Benalcázar, Fabiola9994371 aOrejuela Gartner, Jorge E.999475 cARTICULO1 tCespedesia3124h29-30q29-42d1979g8 c15050d15050